000 00856nas a2200265 4500
001 BR0808438
003 BR-BrBNA
005 20231205112859.0
007 ta
008 230509b bl.|||p| |||| 00| 00por d
040 _aBR-BrBNA
_bpor
_cBiblioteca Nacional de Agricultura
041 _a(Pt)
072 _aL20
100 1 _aMaffei. W.E.
100 1 _aBergmann, J.A.G.
100 1 _aPinotti, M.
100 1 _aOliveira, M.E.C.
100 1 _aSilva, C.Q.
245 1 _aReatividade em ambiente de contenção móvel: uma nova metodologia para avaliar o temperamento bovino
650 _aGADO NELORE
650 _aCOMPORTAMENTO ANIMAL
773 0 _tArquivo Brasileiro de Medicina Veterinária e Zootecnia (Brazil)
_xISSN 0102-0935
_g(Dec 2006), v. 58(6) p. 1123-1131
_wBR0808438
909 _a202311
_bLúcia
_c55
_dLúcia Elande
942 _2AGRIS
_n0
_cANA
999 _c200553
_d200553